Debiuty szachowe - kliktest - Statystyki

Ogólne statystyki
  • Ten quiz został rozwiązany 22 razy
  • Średni wynik to 8 z 20
Statystyki odpowiedzi
Hint Odpowiedź % Poprawnych
Obrona skandynawska 1.e4,d5
75%
Partia włoska 1.e4,e5 2.Sf3,Sc6 3.Gc4,Gc5
75%
Obrona francuska 1.e4,e6
63%
Partia angielska 1.c4,e5
50%
Gambit hetmański 1.d4,d5 2.c4,dc4
50%
Obrona sycylijska 1.e4,c5
50%
Obrona Caro-Kann 1.e4,c6
50%
Partia wiedeńska 1.e4,e5 2.Sc3,Sf6
50%
Obrona rosyjska 1.e4,e5 2.Sf3,Sf6
50%
Obrona Alechina 1.e4,Sf6
50%
Obrona holenderska 1.d4,f5
38%
Debiut Birda 1.f4
38%
Partia katalońska 1.d4,Sf6 2.c4,e6 3.g3,d5 4.Gg2
25%
Obrona Nimzowitscha 1.d4,Sf6 2.c4,e6 3.Sc3,Gb4
25%
Obrona Grunfelda 1.d4,Sf6 2.c4,g6 3.Sc3,d5
25%
Obrona królewsko-indyjska 1.d4,Sf6 2.c4,g6 3.Sc3,Gg7
25%
Gambit królewski 1.e4,e5 2.f4,ef4
25%
Obrona Philidora 1.e4,e5 2.Sf3,d6
25%
Partia szkocka 1.e4,e5 2.Sf3,Sc6 3.d4
25%
Partia hiszpańska 1.e4,e5 2.Sf3,Sc6 3.Gb5
25%
Nie znaleziono quizów pasujących do podanych kryteriów
Rozkład punktacji
Procent ludzi z każdym wynikiem
Percentyl według liczby udzielonych odpowiedzi
Twoja historia wyników
Nie rozwiązałeś tego quizu